| 000 | 00475nam a2200145Ia 4500 | ||
|---|---|---|---|
| 008 | 230917s9999||||xx |||||||||||||| ||und|| | ||
| 040 |
_e228912 _aMAIN |
||
| 041 | _aEnglish | ||
| 082 | _a891.49150301751 KO115A | ||
| 100 | _aकादयान, ओमप्रकाश | ||
| 245 | 0 | _aआन्धयां की लटुठी | |
| 260 |
_aहिसार _bगुरू जम्मेश्वर प्रकाशन _c2004 |
||
| 300 | _a88 पृ. p. | ||
| 942 | _cBK | ||
| 999 |
_c168212 _d168212 |
||